La responsabilite civile et la theorie de l'acceptation des risques : application au domaine sportif et recreatif
Αποθηκεύτηκε σε:
| Κύριος συγγραφέας: | |
|---|---|
| Μορφή: | Βιβλίο |
| Γλώσσα: | French |
| Δημοσίευση: |
Paris :
Centre des hautes etudes touristiques,
1990
|
| Σειρά: | Cahiers du tourisme. Serie C ;
; 144 |
| Θέματα: | |
| Ετικέτες: |
Προσθήκη ετικέτας
Δεν υπάρχουν, Καταχωρήστε ετικέτα πρώτοι!
|
MARC
| LEADER | 00000nam a2200000 i 4500 | ||
|---|---|---|---|
| 001 | 1/67898 | ||
| 008 | 960619s1990 fre d | ||
| 035 | |l 10030095 | ||
| 040 | |a GR-MY-UA |b gre |e aacr | ||
| 041 | 0 | |a fre | |
| 082 | 0 | |a 338.4791 | |
| 100 | 1 | |a Renoux, Maurice. | |
| 245 | 1 | 3 | |a La responsabilite civile et la theorie de l'acceptation des risques : |b application au domaine sportif et recreatif / |c Maurice Renoux |
| 260 | |a Paris : |b Centre des hautes etudes touristiques, |c 1990 | ||
| 300 | |a 26 p. | ||
| 490 | 1 | |a Cahiers du tourisme. Serie C |v ; 144 | |
| 500 | |a Includes bibliography | ||
| 650 | 0 | 0 | |a Tourism. |
| 830 | 0 | |a Cahiers du tourisme. Serie C ; |v ; 144 | |
| 852 | |a INST |b CHIOS |e 19960619 |h 338.4791 REN |p 005200007687 |q 005200007687 |t BK |y 0 | ||
| 909 | |a Χ |b 032553 | ||